书目信息 |
| 题名: |
化工小商品生产法
|
|
| 作者: | 黄德丰 , 库爱莲 编著 | |
| 分册: | 第六集 | |
| 出版信息: | 长沙 湖南科学技术出版社 1991.1 |
|
| 页数: | 215页 | |
| 开本: | 19cm | |
| 丛书名: | ||
| 单 册: | ||
| 中图分类: | TQ-62 | |
| 科图分类: | ||
| 主题词: | 化学工业 | |
| 电子资源: | ||
| ISBN: | 7-5357-0828-5 | |
| 000 | 00733nam 2200217 45 | |
| 001 | 0191011311 | |
| 005 | 20051114141518.64 | |
| 010 | @a7-5357-0828-5@dCNY3.10 | |
| 100 | @a19910529d1991 em y0chiy0121 ea | |
| 101 | 0 | @achi |
| 102 | @aCN@b430000 | |
| 105 | @ay z 000yy | |
| 200 | 10 | @a化工小商品生产法@AHUA GONG XIAO SHANG PIN SHENG CHAN FA@h第六集@e实用无毒合成洗涤剂专集@ESHI YONG WU DU HE CHENG XI DI JI ZHUAN JI@f黄德丰,库爱莲编著@FHUANG DE FENG , KU AI LIAN BIAN ZHU |
| 210 | @a长沙@c湖南科学技术出版社@d1991.1 | |
| 215 | @a215页@d19cm | |
| 606 | 0 | @a化学工业 |
| 690 | @aTQ-62 | |
| 701 | 0 | @a黄德丰@AHUANG DE FENG@4编著 |
| 701 | 0 | @a库爱莲@AKU AI LIAN@4编著 |
| 801 | 0 | @aCN@bNLC@c20051114 |
| 905 | @f1@b246737@dTQ-62@e15:6 | |
| 化工小商品生产法.第六集:实用无毒合成洗涤剂专集/黄德丰,库爱莲编著.-长沙:湖南科学技术出版社,1991.1 |
| 215页;19cm |
| ISBN 7-5357-0828-5:CNY3.10 |
| ● |
| 相关链接 |
|
|
|
|
正题名:化工小商品生产法
索取号:TQ-62/15:6
 
预约/预借
| 序号 | 登录号 | 条形码 | 馆藏地/架位号 | 状态 | 备注 |
| 1 | 0246737 | 001646197 | 密集书库/ [索取号:TQ-62/15:6] | 在馆 | |
| 2 | 0246738 | 202146301 | 密集书库/ [索取号:TQ-62/15:6] | 在馆 | |
| 3 | 0246739 | 001646339 | 第二样本阅览室/ [索取号:TQ-62/15:6] | 在馆 |